[Event "13PCR_F"]
[Site "?"]
[Date "2004.??.??"]
[Round "?"]
[White "Koci, Vladimir"]
[Black "Pytlik, Lesek"]
[Result "0-1"]
[WhiteElo "2270"]
[BlackElo "2348"]
[PlyCount "88"]
[EventDate "2004.??.??"]
[EventType "corr"]

1. d4 Nf6 2. Nf3 d5 3. Bf4 c5 4. e3 e6 5. c3 Qb6 6. Qb3 Be7 7. dxc5 Bxc5 8.
Nbd2 O-O 9. Bd3 Nh5 10. Qxb6 Bxb6 11. Bg5 f6 12. g4 fxg5 13. gxh5 h6 14. Ne5
Nc6 15. Ng6 Rf6 16. h4 gxh4 17. Rxh4 e5 18. Rd1 Be6 19. Bb5 Bd8 20. Rh1 e4 21.
Nf4 Bf7 22. c4 a6 23. Bxc6 bxc6 24. cxd5 cxd5 25. Nb3 Rb8 26. Nxd5 Rf5 27. Nc3
Bxh5 28. Rd2 Bf3 29. Rh3 Rg5 30. Rg3 Rh5 31. Rg1 Bc7 32. Rd7 Be5 33. Ra7 Kh8
34. Ne2 Rc8 35. Ned4 Rh2 36. Rd7 Bxd4 37. Rxd4 a5 38. a4 h5 39. Rd5 h4 40. Rc5
Rxc5 41. Nxc5 h3 42. Nb3 Rg2 43. Rh1 h2 44. Kf1 g5 0-1

[Event "13PCR_F"]
[Site "?"]
[Date "2004.??.??"]
[Round "?"]
[White "Koci, Vladimir"]
[Black "Vinklarek, Vlastimil"]
[Result "1-0"]
[WhiteElo "2270"]
[BlackElo "2172"]
[PlyCount "109"]
[EventDate "2004.??.??"]
[EventType "corr"]

1. d4 d5 2. Nf3 Nf6 3. Bf4 Bf5 4. e3 e6 5. Nbd2 Nbd7 6. c4 Be7 7. h3 O-O 8. c5
c6 9. Be2 b6 10. b4 Qc8 11. O-O a5 12. a3 axb4 13. axb4 Rxa1 14. Qxa1 Ne4 15.
Nxe4 Bxe4 16. cxb6 Nxb6 17. Qa7 Nd7 18. Ba6 Qd8 19. Qb7 Bxf3 20. gxf3 Nf6 21.
Bc7 Qd7 22. Rb1 Kh8 23. Ba5 Rg8 24. Qxd7 Nxd7 25. Bb7 Nb8 26. Rc1 h6 27. Kf1
Kh7 28. Ke2 Kg6 29. Kd2 Kg5 30. Bxc6 Nxc6 31. Rxc6 Kh4 32. Rc7 Bf6 33. Rxf7 Ra8
34. Kd3 Kxh3 35. e4 Rg8 36. b5 Ra8 37. Bc3 Rb8 38. e5 Bh4 39. Rxg7 Rxb5 40. Rg6
Bg5 41. Rxe6 Kg2 42. f4 Bxf4 43. Rf6 Bc1 44. Bd2 Bxd2 45. Kxd2 h5 46. e6 Rb7
47. Rf7 Rb2+ 48. Ke3 Rb6 49. Rf6 Rb1 50. Rg6+ Kf1 51. f4 Rb3+ 52. Kd2 Rb2+ 53.
Kc3 Re2 54. f5 h4 55. Rh6 1-0

[Event "13PCR_F"]
[Site "?"]
[Date "2004.??.??"]
[Round "?"]
[White "Koukal, Vladimir"]
[Black "Koci, Vladimir"]
[Result "1-0"]
[WhiteElo "2194"]
[BlackElo "2270"]
[PlyCount "97"]
[EventDate "2004.??.??"]
[EventType "corr"]

1. e4 g6 2. d4 Bg7 3. Nc3 c5 4. Nf3 cxd4 5. Nxd4 Nc6 6. Be3 Nf6 7. Nxc6 bxc6 8.
e5 Ng8 9. f4 Nh6 10. Be2 O-O 11. Qd2 d6 12. O-O-O Bg4 13. Bxg4 Nxg4 14. Bg1
dxe5 15. Qe2 Qc8 16. h3 Nh6 17. fxe5 Qe6 18. Bh2 Nf5 19. g4 Bh6+ 20. Kb1 Ne3
21. Rd3 Nc4 22. Ne4 Qc8 23. Rf3 Nb6 24. g5 Bg7 25. Nc5 Nd7 26. Nb3 e6 27. Rd1
a5 28. Rfd3 Ra7 29. Nd2 c5 30. Nc4 Qc6 31. Qf2 Rb8 32. Rf1 Nb6 33. Nxb6 Qxb6
34. Rb3 Qd8 35. Rxb8 Qxb8 36. Qxc5 Bf8 37. Qd4 Rb7 38. Bf4 a4 39. Bc1 Rb4 40.
Qd7 Rb7 41. Qxa4 Qxe5 42. b3 Qe2 43. Rf4 Rc7 44. Rc4 Rxc4 45. Qxc4 Qxc4 46.
bxc4 Bc5 47. a4 e5 48. a5 e4 49. a6 1-0

[Event "13PCR_F"]
[Site "?"]
[Date "2004.??.??"]
[Round "?"]
[White "Koukal, Vladimir"]
[Black "Nejtek, Jiri"]
[Result "1/2-1/2"]
[WhiteElo "2194"]
[BlackElo "2291"]
[PlyCount "54"]
[EventDate "2004.??.??"]
[EventType "corr"]

1. e4 c5 2. Nf3 d6 3. d4 cxd4 4. Nxd4 Nf6 5. Nc3 a6 6. Bg5 e6 7. f4 Be7 8. Qf3
Qc7 9. O-O-O Nbd7 10. g4 h6 11. Bxf6 Bxf6 12. h4 Qb6 13. Nb3 Qc7 14. Ne2 Nb6
15. g5 Be7 16. Bh3 Nc4 17. Nbd4 e5 18. Bxc8 Rxc8 19. Nf5 Bf8 20. h5 g6 21. hxg6
fxg6 22. Nxh6 Qb6 23. b3 Qe3+ 24. Qxe3 Nxe3 25. Rd2 Ng4 26. fxe5 dxe5 27. Ng3
Nxh6 1/2-1/2

[Event "13PCR_F"]
[Site "?"]
[Date "2004.??.??"]
[Round "?"]
[White "Koukal, Vladimir"]
[Black "Novotny, Petr"]
[Result "1-0"]
[WhiteElo "2194"]
[BlackElo "2218"]
[PlyCount "101"]
[EventDate "2004.??.??"]
[EventType "corr"]

1. e4 e5 2. Nf3 Nc6 3. Bc4 Nf6 4. d3 Be7 5. Nc3 d6 6. O-O O-O 7. Be3 Bg4 8. h3
Bh5 9. a3 Nd4 10. g4 Bg6 11. Nxd4 exd4 12. Bxd4 c6 13. f4 h6 14. a4 Nd7 15. Qf3
Qc7 16. a5 Bf6 17. Bxf6 Nxf6 18. h4 d5 19. exd5 b5 20. axb6 Qxb6+ 21. Kh1 Qxb2
22. Na4 Qd4 23. dxc6 Be4 24. Bxf7+ Kxf7 25. dxe4 Nxe4 26. Rfe1 Rfe8 27. Kg2
Rab8 28. c3 Qd5 29. c7 Rbc8 30. Nb2 Nxc3 31. Rxe8 Kxe8 32. Rxa7 Qd4 33. Ra5
Rxc7 34. Nd3 Rd7 35. Ne5 Qd2+ 36. Kh3 Nd5 37. Ra4 Rc7 38. Ra8+ Ke7 39. Ng6+ Kd6
40. Qa3+ Qb4 41. Rd8+ Rd7 42. Rxd7+ Kxd7 43. Qxb4 Nxb4 44. f5 Ke8 45. Kg3 Kf7
46. Kf4 Nd3+ 47. Ke3 Nc5 48. Kd4 Nb3+ 49. Ke5 Ke8 50. Kd5 Kf7 51. g5 1-0

[Event "13PCR_F"]
[Site "?"]
[Date "2004.??.??"]
[Round "?"]
[White "Koukal, Vladimir"]
[Black "Pecka, Josef"]
[Result "1-0"]
[WhiteElo "2194"]
[BlackElo "2312"]
[PlyCount "117"]
[EventDate "2004.??.??"]
[EventType "corr"]

1. e4 e5 2. Nf3 Nc6 3. Bb5 a6 4. Ba4 Nf6 5. O-O Be7 6. Re1 b5 7. Bb3 O-O 8. c3
d5 9. exd5 Nxd5 10. Nxe5 Nxe5 11. Rxe5 c6 12. d4 Bd6 13. Re1 Qh4 14. g3 Qh3 15.
Re4 g5 16. Qf1 Qh5 17. f3 Bf5 18. Nd2 Rae8 19. c4 Bxe4 20. Nxe4 bxc4 21. Nxd6
cxb3 22. Nxe8 Rxe8 23. axb3 g4 24. fxg4 Qxg4 25. Bf4 h5 26. h3 Qg6 27. Qg2 h4
28. Kh2 Kh7 29. Rf1 Re4 30. Bd2 Rxd4 31. Rf3 f6 32. Bc3 Rd3 33. gxh4 Rxf3 34.
Qxf3 f5 35. Qg3 f4 36. Qxg6+ Kxg6 37. Kg2 Kh5 38. Be1 Ne3+ 39. Kf3 Nd5 40. Bf2
Kg6 41. Kg4 Kh6 42. Bc5 Kg6 43. Bd4 Nb4 44. h5+ Kh6 45. Be5 Kh7 46. Bxf4 Nd3
47. Kf5 Nc5 48. Ke5 Nxb3 49. Kd6 c5 50. Kc6 Nd4+ 51. Kb6 Ne2 52. Be3 c4 53. Bd2
Ng3 54. Kxa6 Ne4 55. Bc3 Kh6 56. Kb5 Nd6+ 57. Kc5 Nc8 58. Kxc4 Kxh5 59. Bd4 1-0

[Event "13PCR_F"]
[Site "?"]
[Date "2004.??.??"]
[Round "?"]
[White "Koukal, Vladimir"]
[Black "Pytlik, Lesek"]
[Result "1/2-1/2"]
[WhiteElo "2194"]
[BlackElo "2348"]
[PlyCount "101"]
[EventDate "2004.??.??"]
[EventType "corr"]

1. e4 d6 2. d4 Nf6 3. Nc3 g6 4. Nf3 Bg7 5. Be2 O-O 6. O-O c5 7. dxc5 dxc5 8.
Be3 b6 9. Qc1 Bb7 10. Rd1 Qc8 11. Nd5 Nc6 12. Nxf6+ Bxf6 13. Bh6 Rd8 14. Rxd8+
Nxd8 15. e5 Bh8 16. Qe3 Qf5 17. Bd3 Qe6 18. Bf4 Qc6 19. Bg5 c4 20. Be2 Qc7 21.
Rd1 Ne6 22. Bh4 Rc8 23. Bg3 Qc6 24. Qa3 c3 25. bxc3 Qc7 26. c4 Bxf3 27. Bxf3
Bxe5 28. Bxe5 Qxe5 29. Qxe7 Rxc4 30. Qxa7 b5 31. Qa8+ Kg7 32. Qd5 Qxd5 33. Bxd5
Rxc2 34. h4 h6 35. Bb3 Rc7 36. f3 Nc5 37. Rd5 b4 38. Rd4 Rb7 39. Kf2 Kf6 40.
Rf4+ Kg7 41. Rc4 Ne6 42. Ke3 g5 43. g3 Kf6 44. Ba4 Ke5 45. f4+ gxf4+ 46. gxf4+
Kf6 47. Ke4 Nd8 48. f5 Rb6 49. Rd4 Nb7 50. Kf4 Nd6 51. Bc2 1/2-1/2

[Event "13PCR_F"]
[Site "?"]
[Date "2004.??.??"]
[Round "?"]
[White "Koukal, Vladimir"]
[Black "Strnad, Jiri"]
[Result "0-1"]
[WhiteElo "2194"]
[BlackElo "2228"]
[PlyCount "74"]
[EventDate "2004.??.??"]
[EventType "corr"]

1. e4 c6 2. d4 d5 3. exd5 cxd5 4. Bd3 Nc6 5. c3 Qc7 6. Ne2 Bg4 7. Na3 a6 8. f3
Bd7 9. O-O e5 10. dxe5 Nxe5 11. Bc2 Bc5+ 12. Nd4 Ne7 13. Bf4 O-O 14. Re1 Bd6
15. Qe2 f6 16. Bg3 Rfe8 17. Qd2 Rac8 18. Re3 Qb6 19. Rb1 N7c6 20. b4 Nxd4 21.
cxd4 Nc4 22. Nxc4 dxc4 23. Bxd6 Qxd6 24. Rd1 Rxe3 25. Qxe3 b5 26. Qd2 Re8 27.
Bb1 g6 28. Bc2 Bc6 29. a3 Bd5 30. Ra1 Kg7 31. Rd1 a5 32. Rc1 Qe7 33. Kf1 axb4
34. axb4 c3 35. Qe1 Bc4+ 36. Kf2 Qe2+ 37. Qxe2 Rxe2+ 0-1

[Event "13PCR_F"]
[Site "?"]
[Date "2004.??.??"]
[Round "?"]
[White "Koukal, Vladimir"]
[Black "Vinklarek, Vlastimil"]
[Result "1/2-1/2"]
[WhiteElo "2194"]
[BlackElo "2172"]
[PlyCount "52"]
[EventDate "2004.??.??"]
[EventType "corr"]

1. e4 e6 2. d4 d5 3. Nc3 dxe4 4. Nxe4 Nd7 5. Nf3 Ngf6 6. Bd3 Be7 7. Nxf6+ Nxf6
8. c3 O-O 9. Qc2 b6 10. Bg5 h6 11. Bxf6 Bxf6 12. Bh7+ Kh8 13. Be4 Rb8 14. O-O
c5 15. Rad1 Qc7 16. Qe2 cxd4 17. Nxd4 Bb7 18. Bxb7 Qxb7 19. Rfe1 b5 20. Nf3 b4
21. cxb4 Qxb4 22. b3 Rfc8 23. Ne5 Bxe5 24. Qxe5 Rc2 25. Re2 Rbc8 26. h3 Rc1
1/2-1/2

[Event "13PCR_F"]
[Site "?"]
[Date "2004.??.??"]
[Round "?"]
[White "Nedoma, Petr"]
[Black "Firla, Stanislav"]
[Result "1-0"]
[WhiteElo "2269"]
[BlackElo "2340"]
[PlyCount "65"]
[EventDate "2004.??.??"]
[EventType "corr"]

1. e4 e5 2. Nf3 Nc6 3. Bb5 f5 4. Nc3 Nf6 5. exf5 e4 6. Ng5 d5 7. d3 exd3 8.
Qxd3 Bb4 9. O-O O-O 10. Bxc6 bxc6 11. Ne2 a5 12. Qh3 Re8 13. Nd4 Qd7 14. Nge6
a4 15. Bf4 Bd6 16. Rfe1 c5 17. Ne2 Rb8 18. b3 d4 19. Bxd6 cxd6 20. N2f4 Bb7 21.
c3 dxc3 22. Qxc3 axb3 23. axb3 Be4 24. Qc4 Qf7 25. Rxe4 Rb4 26. Qxb4 cxb4 27.
Rxb4 g6 28. Rba4 gxf5 29. Ra7 Nd7 30. Nc7 Rb8 31. Ncd5 Kh8 32. Re1 Re8 33. Rc1
1-0

[Event "13PCR_F"]
[Site "?"]
[Date "2004.??.??"]
[Round "?"]
[White "Nedoma, Petr"]
[Black "Novotny, Petr"]
[Result "1-0"]
[WhiteElo "2269"]
[BlackElo "2218"]
[PlyCount "60"]
[EventDate "2004.??.??"]
[EventType "corr"]

1. e4 e5 2. Nf3 Nc6 3. Bc4 Bc5 4. d3 Nf6 5. O-O d6 6. c3 O-O 7. b4 Bb6 8. a4 a6
9. h3 Be6 10. Bxe6 fxe6 11. Na3 Ba7 12. Nc4 b5 13. Na3 Qd7 14. Re1 Ne7 15. Re2
Ng6 16. Rea2 d5 17. exd5 exd5 18. axb5 e4 19. dxe4 Nxe4 20. Nb1 Qxb5 21. Nd4
Qb7 22. Be3 Bb6 23. Qe2 Ne5 24. Rxa6 Rae8 25. Qb5 Nd6 26. Qe2 Nec4 27. Nd2 Nxe3
28. fxe3 Bxd4 29. cxd4 Qxb4 30. Qd3 Nf5 1-0

[Event "13PCR_F"]
[Site "?"]
[Date "2004.??.??"]
[Round "?"]
[White "Nedoma, Petr"]
[Black "Postl, Rostislav"]
[Result "0-1"]
[WhiteElo "2269"]
[BlackElo "2297"]
[PlyCount "108"]
[EventDate "2004.??.??"]
[EventType "corr"]

1. e4 e5 2. Nf3 Nc6 3. Bc4 Nf6 4. d3 Be7 5. O-O O-O 6. Re1 d6 7. a4 Bg4 8. c3
Na5 9. Ba2 c5 10. Nbd2 Rc8 11. h3 Be6 12. Bxe6 fxe6 13. b4 cxb4 14. cxb4 Nc6
15. Qb3 Qd7 16. b5 Na5 17. Qb4 b6 18. Ba3 Rce8 19. Rac1 Nh5 20. g3 Nb7 21. Rc6
Kh8 22. Re3 Na5 23. Rxd6 Qc7 24. d4 Bxd6 25. Qxd6 Qxd6 26. Bxd6 exd4 27. Nxd4
Rf7 28. e5 h6 29. Ne4 Nb7 30. Nc6 Ra8 31. Be7 Re8 32. Ba3 Ra8 33. Rd3 a6 34.
Kg2 axb5 35. axb5 Ra4 36. Nd6 Nxd6 37. exd6 Nf6 38. Nd8 Rfa7 39. Bb2 Rd7 40.
Nxe6 Kg8 41. Bxf6 gxf6 42. Nc7 Kf7 43. Kf3 h5 44. Ke3 f5 45. Kf3 Re4 46. Rd1
Rc4 47. h4 Rg4 48. Rd5 Kf6 49. Kg2 Re4 50. Rd2 Ke5 51. Ne8 Ke6 52. Nc7+ Ke5 53.
Rd5+ Kf6 54. f4 Re2+ 0-1

[Event "13PCR_F"]
[Site "?"]
[Date "2004.??.??"]
[Round "?"]
[White "Nedoma, Petr"]
[Black "Pravec, Ladislav"]
[Result "1/2-1/2"]
[WhiteElo "2269"]
[BlackElo "2350"]
[PlyCount "110"]
[EventDate "2004.??.??"]
[EventType "corr"]

1. e4 c5 2. Nf3 Nc6 3. d4 cxd4 4. Nxd4 Nf6 5. Nc3 d6 6. Bg5 Qb6 7. Nb3 e6 8.
Bxf6 gxf6 9. Qf3 Be7 10. a4 a6 11. a5 Qc7 12. Be2 h5 13. O-O Bd7 14. Qe3 Bf8
15. Na4 O-O-O 16. Nb6+ Kb8 17. Nxd7+ Rxd7 18. Ra4 h4 19. Qh3 Ne5 20. c3 Ng6 21.
Qf3 d5 22. exd5 Rxd5 23. Qxf6 Bd6 24. h3 Rf5 25. Qd4 Rg8 26. Rc4 Qe7 27. Kh1
Nf4 28. Bg4 Rd5 29. Qe3 Nxg2 30. Kxg2 f5 31. Kh1 fxg4 32. Rxg4 Rxg4 33. hxg4
Bc7 34. Nd4 Qd6 35. Qh3 Rxa5 36. Qxh4 Rg5 37. Kg2 Qd5+ 38. Nf3 Rg8 39. Re1 Bf4
40. c4 Qc6 41. b3 e5 42. Rd1 Ka7 43. Rd5 Qc8 44. Kf1 Rh8 45. Qf6 Rh1+ 46. Ke2
Qxg4 47. Qe7 Rh8 48. Rd7 Rb8 49. Rd6 Qf5 50. Rxa6+ Kxa6 51. Qa3+ Kb6 52. Qd6+
Ka7 53. Qa3+ Kb6 54. Qd6+ Ka7 55. Qa3+ Kb6 1/2-1/2

[Event "13PCR_F"]
[Site "?"]
[Date "2004.??.??"]
[Round "?"]
[White "Nedoma, Petr"]
[Black "Sochor, Frantisek"]
[Result "1/2-1/2"]
[WhiteElo "2269"]
[BlackElo "2278"]
[PlyCount "122"]
[EventDate "2004.??.??"]
[EventType "corr"]

1. e4 c5 2. Nf3 d6 3. d4 cxd4 4. Nxd4 Nf6 5. Nc3 a6 6. Be2 e6 7. f4 Be7 8. O-O
O-O 9. Be3 Nc6 10. Qe1 Nxd4 11. Bxd4 b5 12. a3 Bb7 13. Qg3 Qc7 14. Bf3 Bc6 15.
Rf2 Rad8 16. Rd1 Ne8 17. Rfd2 Bf6 18. Qf2 Bxd4 19. Rxd4 Rc8 20. Qe3 Qb6 21.
R4d3 Qxe3+ 22. Rxe3 f5 23. g3 h6 24. Bg2 Bxe4 25. Nxe4 fxe4 26. Bxe4 Kf7 27.
Rd2 d5 28. Bf3 Nd6 29. Re1 Rfe8 30. c3 Kf6 31. h4 Rcd8 32. g4 Re7 33. Rde2 Nc4
34. g5+ hxg5 35. fxg5+ Kf7 36. h5 d4 37. cxd4 Rxd4 38. Be4 Kg8 39. b3 Nd2 40.
Bg2 Nxb3 41. Rxe6 Rxe6 42. Rxe6 Nc5 43. Rc6 Ne4 44. g6 Kf8 45. Rxa6 Ke7 46. Bh3
Ng5 47. Bf5 b4 48. axb4 Rxb4 49. Kg2 Rf4 50. Ra5 Kf6 51. Bb1 Ne6 52. Ra6 Ke5
53. Ra7 Rb4 54. Ra5+ Kf4 55. Ba2 Rb2+ 56. Kf1 Rb6 57. Kf2 Nd4 58. h6 Rxg6 59.
h7 Rh6 60. Ra4 Rxh7 61. Rxd4+ Ke5 1/2-1/2

[Event "13PCR_F"]
[Site "?"]
[Date "2004.??.??"]
[Round "?"]
[White "Nedoma, Petr"]
[Black "Strnad, Jiri"]
[Result "1/2-1/2"]
[WhiteElo "2269"]
[BlackElo "2228"]
[PlyCount "68"]
[EventDate "2004.??.??"]
[EventType "corr"]

1. e4 c6 2. d4 d5 3. Nd2 dxe4 4. Nxe4 Bf5 5. Ng3 Bg6 6. c3 e6 7. Qb3 Qb6 8.
Qxb6 axb6 9. Nf3 Nd7 10. Be2 Ngf6 11. Nh4 Bc2 12. O-O Bd6 13. Nf3 b5 14. Bd2
Ne4 15. a3 Nxd2 16. Nxd2 Bf4 17. Nf3 Ke7 18. Ne1 Bg6 19. Nd3 Bxg3 20. fxg3 Bxd3
21. Bxd3 Nf6 22. Be2 Rhd8 23. Rad1 h6 24. g4 Ne8 25. Rf2 Rd7 26. Re1 Nd6 27. h3
Ne4 28. Rf4 Nd2 29. Bf1 b6 30. Bd3 Nc4 31. Re2 Rad8 32. g3 Rc7 33. Ref2 Nd6 34.
Re2 c5 1/2-1/2

[Event "13PCR_F"]
[Site "?"]
[Date "2004.??.??"]
[Round "?"]
[White "Nejtek, Jiri"]
[Black "Blazek, Jaroslav"]
[Result "1-0"]
[WhiteElo "2291"]
[BlackElo "2205"]
[PlyCount "66"]
[EventDate "2004.??.??"]
[EventType "corr"]

1. e4 c5 2. Nf3 d6 3. d4 cxd4 4. Nxd4 g6 5. Nc3 Bg7 6. Be3 Nf6 7. f3 O-O 8. Qd2
Nc6 9. O-O-O a5 10. a4 Bd7 11. g4 Rc8 12. h4 h5 13. gxh5 Nxh5 14. Rg1 Kh7 15.
Kb1 Qe8 16. Be2 Nb4 17. Bb5 Nc6 18. Nd5 Bxd4 19. Bxd4 Nxd4 20. Qxd4 Bxb5 21.
axb5 Rc5 22. Rg5 f6 23. Rg4 b6 24. c4 Qd8 25. Rdg1 Rg8 26. Qd1 e5 27. Qc2 Rg7
28. Qg2 Qe8 29. Nxb6 Nf4 30. Qc2 Rcc7 31. b3 Rb7 32. Nd5 Nxd5 33. exd5 Kh6 1-0

[Event "13PCR_F"]
[Site "?"]
[Date "2004.??.??"]
[Round "?"]
[White "Nejtek, Jiri"]
[Black "Dlouhy, Radek"]
[Result "1-0"]
[WhiteElo "2291"]
[BlackElo "2225"]
[PlyCount "75"]
[EventDate "2004.??.??"]
[EventType "corr"]

1. e4 e5 2. Nf3 Nc6 3. Bb5 a6 4. Ba4 Nf6 5. O-O Be7 6. Re1 b5 7. Bb3 O-O 8. c3
d6 9. h3 Bb7 10. d4 Re8 11. Nbd2 Bf8 12. a4 h6 13. Bc2 exd4 14. cxd4 Nb4 15.
Bb1 c5 16. d5 Nd7 17. Ra3 f5 18. exf5 Nf6 19. axb5 axb5 20. Ne4 Nfxd5 21. Rxa8
Bxa8 22. f6 Nxf6 23. Nxf6+ gxf6 24. Rxe8 Qxe8 25. Nh4 Qe6 26. Nf5 Bc6 27. Qg4+
Kh8 28. Bxh6 Bxh6 29. Qh4 Kg8 30. Qxh6 Kf7 31. Qg7+ Ke8 32. Qc7 Qd7 33. Qb8+
Qd8 34. Nxd6+ Ke7 35. Nf5+ Ke8 36. Qa7 Qd1+ 37. Kh2 Qd7 38. Qxc5 1-0

[Event "13PCR_F"]
[Site "?"]
[Date "2004.??.??"]
[Round "?"]
[White "Nejtek, Jiri"]
[Black "Nedoma, Petr"]
[Result "1/2-1/2"]
[WhiteElo "2291"]
[BlackElo "2269"]
[PlyCount "45"]
[EventDate "2004.??.??"]
[EventType "corr"]

1. e4 e5 2. Nf3 Nc6 3. Bb5 a6 4. Ba4 Nf6 5. O-O Be7 6. Re1 b5 7. Bb3 d6 8. c3
O-O 9. h3 Na5 10. Bc2 c5 11. d4 cxd4 12. cxd4 Bb7 13. d5 Qc7 14. b3 Rac8 15.
Bd3 Nxe4 16. Bxe4 f5 17. Bd3 e4 18. Bg5 Bd8 19. Bxd8 Qxd8 20. Be2 exf3 21. Bxf3
Qf6 22. Nd2 Qd4 23. Re6 1/2-1/2

[Event "13PCR_F"]
[Site "?"]
[Date "2004.??.??"]
[Round "?"]
[White "Nejtek, Jiri"]
[Black "Pecka, Josef"]
[Result "1/2-1/2"]
[WhiteElo "2291"]
[BlackElo "2312"]
[PlyCount "61"]
[EventDate "2004.??.??"]
[EventType "corr"]

1. e4 e5 2. Nf3 Nc6 3. Bb5 a6 4. Ba4 Nf6 5. O-O Be7 6. Re1 b5 7. Bb3 O-O 8. c3
d5 9. d4 Nxe4 10. dxe5 Be6 11. Nd4 Nxe5 12. f3 Bd6 13. fxe4 Bg4 14. Qd2 Qh4 15.
g3 Qh5 16. exd5 Rae8 17. Re3 Nf3+ 18. Nxf3 Bxf3 19. Qf2 Bc5 20. Na3 Bxd5 21.
Bxd5 Qxd5 22. Nc2 Bxe3 23. Nxe3 Qd3 24. a4 Re5 25. axb5 axb5 26. Ra7 c5 27. Qd2
Qg6 28. Rd7 Rfe8 29. Qd3 Qe6 30. Rd6 Qe7 31. Rd5 1/2-1/2

[Event "13PCR_F"]
[Site "?"]
[Date "2004.??.??"]
[Round "?"]
[White "Nejtek, Jiri"]
[Black "Pytlik, Lesek"]
[Result "0-1"]
[WhiteElo "2291"]
[BlackElo "2348"]
[PlyCount "32"]
[EventDate "2004.??.??"]
[EventType "corr"]

1. e4 e6 2. d4 d5 3. e5 c5 4. Nc3 Nc6 5. Nf3 cxd4 6. Nb5 Bc5 7. h4 Qb6 8. a4
Nge7 9. h5 a6 10. a5 Nxa5 11. Nd6+ Bxd6 12. exd6 Nec6 13. b3 e5 14. Bd2 f6 15.
Ra4 Qd8 16. Qa1 b6 0-1

[Event "13PCR_F"]
[Site "?"]
[Date "2004.??.??"]
[Round "?"]
[White "Nejtek, Jiri"]
[Black "Sochor, Frantisek"]
[Result "1/2-1/2"]
[WhiteElo "2291"]
[BlackElo "2278"]
[PlyCount "65"]
[EventDate "2004.??.??"]
[EventType "corr"]

1. e4 c5 2. Nf3 d6 3. d4 cxd4 4. Nxd4 Nf6 5. Nc3 a6 6. Be3 Ng4 7. Bg5 h6 8. Bh4
g5 9. Bg3 Bg7 10. h3 Ne5 11. f3 Nbc6 12. Bf2 Nxd4 13. Bxd4 Be6 14. Qd2 Qa5 15.
a3 Rg8 16. h4 gxh4 17. f4 O-O-O 18. O-O-O Bf6 19. Qf2 Ng4 20. Qg1 Bxd4 21. Qxd4
Qc5 22. Qxc5+ dxc5 23. Re1 Kb8 24. Rxh4 Bd7 25. Rh5 e5 26. g3 Rde8 27. Rh4 Bc6
28. Bc4 Re7 29. Bd5 Kc7 30. Bxc6 bxc6 31. Kd2 Ree8 32. Ke2 Rg6 33. Kf3 1/2-1/2

[Event "13PCR_F"]
[Site "?"]
[Date "2004.??.??"]
[Round "?"]
[White "Nejtek, Jiri"]
[Black "Vinklarek, Vlastimil"]
[Result "1/2-1/2"]
[WhiteElo "2291"]
[BlackElo "2172"]
[PlyCount "72"]
[EventDate "2004.??.??"]
[EventType "corr"]

1. e4 e6 2. d4 d5 3. e5 c5 4. Nc3 cxd4 5. Nb5 Nc6 6. Nf3 Bc5 7. h4 Nge7 8. h5
a6 9. Nbxd4 Nxd4 10. Nxd4 Qb6 11. c3 Nc6 12. Qd2 Nxd4 13. b4 Bxb4 14. cxb4 Qxb4
15. Qxb4 Nc2+ 16. Kd1 Nxb4 17. h6 g6 18. Bg5 Nc6 19. Bf6 O-O 20. Rb1 b5 21. Rh3
b4 22. a3 bxa3 23. Rxa3 a5 24. Rb6 Bd7 25. Bb5 Rfc8 26. Kd2 a4 27. Rxa4 Rxa4
28. Bxa4 Nxe5 29. Bxe5 Bxa4 30. g4 Kf8 31. g5 Ke7 32. Bd6+ Kd7 33. Be5 Bc6 34.
Kd3 Ra8 35. Rb8 Rxb8 36. Bxb8 Ke7 1/2-1/2

[Event "13PCR_F"]
[Site "?"]
[Date "2004.??.??"]
[Round "?"]
[White "Novotny, Petr"]
[Black "Blazek, Jaroslav"]
[Result "1-0"]
[WhiteElo "2218"]
[BlackElo "2205"]
[PlyCount "67"]
[EventDate "2004.??.??"]
[EventType "corr"]

1. e4 c5 2. Nf3 d6 3. d4 cxd4 4. Nxd4 Nf6 5. Nc3 g6 6. Be3 Bg7 7. f3 O-O 8. Qd2
Nc6 9. Bc4 Ne5 10. Bb3 Bd7 11. O-O-O a5 12. a4 Rc8 13. g4 Re8 14. h4 h5 15. Bh6
Nc4 16. Bxc4 Rxc4 17. g5 Nh7 18. e5 Qc7 19. Ndb5 Bxb5 20. exd6 Qxd6 21. Qxd6
exd6 22. axb5 Rd8 23. Rd5 Rf4 24. Ne4 Rxf3 25. Nxd6 Rd7 26. b6 f6 27. Rc5 fxg5
28. Rc7 Rd8 29. Rxb7 gxh4 30. Rc7 Rb8 31. b7 h3 32. c4 Nf8 33. c5 h2 34. c6 1-0

[Event "13PCR_F"]
[Site "?"]
[Date "2004.??.??"]
[Round "?"]
[White "Novotny, Petr"]
[Black "Koci, Vladimir"]
[Result "0-1"]
[WhiteElo "2218"]
[BlackElo "2270"]
[PlyCount "74"]
[EventDate "2004.??.??"]
[EventType "corr"]

1. e4 g6 2. d4 Bg7 3. Nc3 c5 4. Nf3 cxd4 5. Nxd4 Nc6 6. Be3 Nf6 7. Bc4 O-O 8.
Bb3 Qc7 9. O-O Na5 10. Ndb5 Qb8 11. Nd5 Nxd5 12. exd5 Nxb3 13. axb3 a6 14. Nc3
b5 15. Bd4 e5 16. dxe6 dxe6 17. Bxg7 Kxg7 18. Ne4 Qc7 19. b4 Rd8 20. Qf3 Bb7
21. Qf6+ Kg8 22. Nc5 Rd2 23. Rfc1 Rad8 24. b3 R8d5 25. Qc3 Qd8 26. Rf1 Qc8 27.
f3 Qc7 28. Rf2 R2d4 29. h3 Bc8 30. Re2 Qd8 31. Re4 Rd2 32. Nd3 Qg5 33. Rg4 Qe3+
34. Kh1 Bb7 35. Re1 Rxc2 36. Qxc2 Qxd3 37. Qc7 Qd2 0-1

[Event "13PCR_F"]
[Site "?"]
[Date "2004.??.??"]
[Round "?"]
[White "Novotny, Petr"]
[Black "Nejtek, Jiri"]
[Result "1/2-1/2"]
[WhiteElo "2218"]
[BlackElo "2291"]
[PlyCount "34"]
[EventDate "2004.??.??"]
[EventType "corr"]

1. e4 c5 2. d4 cxd4 3. Nf3 d6 4. Nxd4 Nf6 5. Nc3 a6 6. Bg5 e6 7. f4 Be7 8. Qf3
Qc7 9. O-O-O Nbd7 10. g4 h6 11. Bxf6 Bxf6 12. h4 Qb6 13. Nb3 Be7 14. Bd3 Nc5
15. Nxc5 Qxc5 16. g5 Bd7 17. g6 f6 1/2-1/2

[Event "13PCR_F"]
[Site "?"]
[Date "2004.??.??"]
[Round "?"]
[White "Novotny, Petr"]
[Black "Pecka, Josef"]
[Result "1-0"]
[WhiteElo "2218"]
[BlackElo "2312"]
[PlyCount "47"]
[EventDate "2004.??.??"]
[EventType "corr"]

1. e4 e6 2. d4 d5 3. Nd2 Nf6 4. e5 Nfd7 5. Bd3 c5 6. c3 Nc6 7. Ne2 cxd4 8. cxd4
f6 9. exf6 Nxf6 10. O-O Bd6 11. Nf3 Qb6 12. Nc3 O-O 13. Be3 Nb4 14. Be2 Nc6 15.
Qc2 Bd7 16. Rad1 Qd8 17. Rc1 Be8 18. Qd1 Rc8 19. Ng5 Qe7 20. Re1 h6 21. Nh3 Qc7
22. g3 a6 23. Nf4 Be7 24. Nxe6 1-0

[Event "13PCR_F"]
[Site "?"]
[Date "2004.??.??"]
[Round "?"]
[White "Novotny, Petr"]
[Black "Pytlik, Lesek"]
[Result "0-1"]
[WhiteElo "2218"]
[BlackElo "2348"]
[PlyCount "82"]
[EventDate "2004.??.??"]
[EventType "corr"]

1. e4 d6 2. d4 Nf6 3. Nc3 g6 4. f4 Bg7 5. Nf3 O-O 6. Bd3 Na6 7. O-O c5 8. d5
Bg4 9. Bc4 Nc7 10. h3 Bxf3 11. Qxf3 e6 12. dxe6 fxe6 13. Be3 Nd7 14. Qg3 Bxc3
15. bxc3 Nf6 16. e5 b5 17. Bd3 Nh5 18. Qg4 c4 19. Be4 d5 20. Bf3 Qe7 21. a4 Ng7
22. Bf2 Nf5 23. h4 bxa4 24. Rxa4 a6 25. h5 Kh8 26. Ra5 Rg8 27. Rb1 Nb5 28. Rba1
g5 29. fxg5 Rxg5 30. Qf4 Rgg8 31. Rxa6 Raf8 32. Qh2 Nxc3 33. Qh3 Ne4 34. Bxe4
dxe4 35. Ra7 Qg5 36. R7a3 Qd2 37. Bc5 Rd8 38. h6 Qe2 39. Kh1 c3 40. Bd6 Qf2 41.
Rxc3 Rg6 0-1

[Event "13PCR_F"]
[Site "?"]
[Date "2004.??.??"]
[Round "?"]
[White "Novotny, Petr"]
[Black "Strnad, Jiri"]
[Result "1/2-1/2"]
[WhiteElo "2218"]
[BlackElo "2228"]
[PlyCount "56"]
[EventDate "2004.??.??"]
[EventType "corr"]

1. e4 c6 2. d4 d5 3. exd5 cxd5 4. c4 Nf6 5. Nc3 e6 6. Nf3 Bb4 7. cxd5 Nxd5 8.
Qc2 Nc6 9. Be2 O-O 10. O-O h6 11. Be3 Bd6 12. Rac1 Nce7 13. Bd2 Nxc3 14. Bxc3
Nd5 15. Bd2 Qb6 16. b3 Bd7 17. Ne5 Bb5 18. Bxb5 Qxb5 19. a4 Qe8 20. Qe4 Rd8 21.
f4 Qe7 22. f5 Bxe5 23. Qxe5 exf5 24. Qxe7 Nxe7 25. Rc7 Rxd4 26. Rxe7 Rxd2 27.
Rxf5 Rc8 28. h4 Rcc2 1/2-1/2

[Event "13PCR_F"]
[Site "?"]
[Date "2004.??.??"]
[Round "?"]
[White "Novotny, Petr"]
[Black "Vinklarek, Vlastimil"]
[Result "1/2-1/2"]
[WhiteElo "2218"]
[BlackElo "2172"]
[PlyCount "42"]
[EventDate "2004.??.??"]
[EventType "corr"]

1. e4 c6 2. c4 d5 3. exd5 cxd5 4. d4 Nf6 5. Nc3 e6 6. Nf3 Be7 7. cxd5 Nxd5 8.
Bd3 Nc6 9. O-O O-O 10. Re1 Bf6 11. Be4 Nce7 12. Ne5 g6 13. Bh6 Bg7 14. Bxg7
Kxg7 15. Qf3 b6 16. Nxd5 exd5 17. Bc2 Bf5 18. Bb3 Rc8 19. Rac1 Rxc1 20. Rxc1 a6
21. h3 Re8 1/2-1/2